| 000 | 00462nam a2200181Ia 4500 | ||
|---|---|---|---|
| 008 | 120822t2005 xxu||||| |||| 00| 0 sin d | ||
| 041 | _asin | ||
| 080 |
_a8-31 (eng) _bBAL |
||
| 100 | _aBalantyne | ||
| 245 | _aපොළොව යට | ||
| 246 | _aPolowa Yata | ||
| 260 |
_aM. D. Gunasena _aColombo _c2005 |
||
| 300 | _b113p, 18 cm | ||
| 700 |
_aDe Silva,Dayaneesiyas,A. B. _etr. |
||
| 942 | _cBK | ||
| 999 |
_c41030 _d41030 |
||
| 003 | LK-CoDNM | ||
| 040 |
_aLK-CoDNM _dLK-CoDNM _eLK-CoDNM |
||